[Event "SRI-ch (Women)"]
[Site "Nugegoda"]
[Date "2019.07.08"]
[Round "12"]
[White "Jayatilaka, WMM Amodya"]
[Black "Ranasinghe, Sachini D"]
[Result "0-1"]
[WhiteElo "1388"]
[BlackElo "1844"]
[PlyCount "114"]
[EventDate "2019.06.29"]
[EventType "tourn"]
[EventRounds "13"]
[EventCountry "SRI"]
[SourceTitle "EXT 2020"]
[Source "ChessBase"]
[SourceDate "2019.10.17"]
[SourceVersion "1"]
[SourceVersionDate "2019.10.17"]
[SourceQuality "1"]

1. c4 e6 2. g3 d5 3. Bg2 Nf6 4. Nf3 c6 5. 0-0 dxc4 6. Ne5 Qd4 7. Nf3 Qd6 8. d4 cxd3 9. exd3 Na6 10. a3 Nd5 11. Nc3 Nac7 12. Ne4 Qd8 13. Ne5 Be7 14. Qh5 0-0 15. h4 f6 16. Nc4 Bd7 17. Qe2 Be8 18. g4 b5 19. Ne3 Nf4 20. Qc2 Nxg2 21. Nxg2 f5 22. gxf5 Rxf5 23. Be3 Bxh4 24. Nxh4 Qxh4 25. Ng3 Rf3 26. Kg2 Qg4 27. Rh1 Nd5 28. Rae1 Nxe3+ 29. Rxe3 Rxe3 30. fxe3 h5 31. Qe2 Qxe2+ 32. Nxe2 c5 33. Kf2 g6 34. Rc1 Rd8 35. Rxc5 Rxd3 36. Rc2 Rd6 37. Nd4 a6 38. Kf3 g5 39. Rg2 g4+ 40. Kf4 Kf7 41. Rh2 Kf6 42. Kg3 Kg5 43. Rd2 h4+ 44. Kh2 Rb6 45. b4 Bg6 46. Rd1 e5 47. Ne2 Be4 48. Rd8 Rf6 49. Nc3 g3+ 50. Kg1 Bg6 51. Rh8 Kg4 52. Nd1 h3 53. e4 Kf3 54. Rxh3 Rd6 55. Nc3 Rd3 56. Kf1 Rxc3 57. Ke1 Bxe4 0-1

[Event "SRI-ch (Women)"]
[Site "Nugegoda"]
[Date "2019.07.06"]
[Round "8"]
[White "Jayatilaka, WMM Amodya"]
[Black "Pallie, Ehsha Mishela"]
[Result "0-1"]
[WhiteElo "1388"]
[BlackElo "1428"]
[PlyCount "113"]
[EventDate "2019.06.29"]
[EventType "tourn"]
[EventRounds "13"]
[EventCountry "SRI"]
[SourceTitle "EXT 2020"]
[Source "ChessBase"]
[SourceDate "2019.10.17"]
[SourceVersion "1"]
[SourceVersionDate "2019.10.17"]
[SourceQuality "1"]

1. c4 e5 2. g3 Nf6 3. Bg2 d5 4. cxd5 Nxd5 5. Nf3 Nc6 6. 0-0 Nb6 7. d3 Be7 8. a3 0-0 9. Nc3 Be6 10. b4 f6 11. Bb2 Qd7 12. Ne4 Bh3 13. Nc5 Bxc5 14. bxc5 Bxg2 15. Qb3+ Kh8 16. Kxg2 Nd5 17. e4 Nf4+ 18. gxf4 Qg4+ 19. Kh1 Qxf3+ 20. Kg1 exf4 21. Qd1 Qh3 22. f3 Rad8 23. d4 f5 24. d5 fxe4 25. fxe4 Qe3+ 26. Rf2 Qxe4 27. Rg2 Ne5 28. Re2 Qg6+ 29. Rg2 Qf5 30. d6 cxd6 31. cxd6 f3 32. Rg3 Ng4 33. Rh3 f2+ 34. Kf1 Qb5+ 35. Qe2 Qxe2+ 36. Kxe2 f1Q+ 37. Rxf1 Rde8+ 38. Kd3 Rxf1 39. Kd4 Rd1+ 40. Kc5 Rc8+ 41. Kb4 Rxd6 42. a4 Rd2 43. Bc3 Rxh2 44. Rd3 Nf6 45. a5 h5 46. Kb5 a6+ 47. Kb6 Rxc3 48. Rd8+ Kh7 49. Kxb7 h4 50. Kxa6 h3 51. Ka7 Re2 52. a6 h2 53. Rd1 Rg3 54. Kb8 Rg1 55. Rd6 h1Q 56. a7 Re8+ 57. Kc7 0-1

[Event "SRI-ch (Women)"]
[Site "Nugegoda"]
[Date "2019.06.30"]
[Round "3"]
[White "Tharushi, THD Niklesha"]
[Black "Jayatilaka, WMM Amodya"]
[Result "1-0"]
[WhiteElo "1628"]
[BlackElo "1388"]
[PlyCount "115"]
[EventDate "2019.06.29"]
[EventType "tourn"]
[EventRounds "13"]
[EventCountry "SRI"]
[SourceTitle "EXT 2020"]
[Source "ChessBase"]
[SourceDate "2019.10.17"]
[SourceVersion "1"]
[SourceVersionDate "2019.10.17"]
[SourceQuality "1"]

1. d4 Nf6 2. c4 g6 3. Nc3 d5 4. cxd5 Nxd5 5. e4 Nxc3 6. bxc3 Bg7 7. Be3 0-0 8. Rc1 c5 9. dxc5 Qxd1+ 10. Kxd1 Rd8+ 11. Kc2 Be6 12. Rb1 b6 13. Nf3 bxc5 14. Bxc5 Rc8 15. Bd4 Bxa2 16. Rb7 Nc6 17. Bxg7 Kxg7 18. Bb5 Kf8 19. Ba6 Nb8 20. Bd3 a5 21. Ra1 Bc4 22. Bxc4 Rxc4 23. Ne5 Rc8 24. Rxb8 Rcxb8 25. Nd7+ Ke8 26. Nxb8 Rxb8 27. Rxa5 Kd7 28. c4 Kc6 29. Ra7 Kd6 30. f3 f5 31. e5+ Kxe5 32. Rxe7+ Kd4 33. Rxh7 Kxc4 34. Rh6 Rg8 35. Kd2 Kd4 36. Rh4+ Ke5 37. Ke3 g5 38. Rb4 f4+ 39. Kf2 Rd8 40. Rb5+ Rd5 41. Rxd5+ Kxd5 42. g3 fxg3+ 43. hxg3 Ke5 44. Ke3 Kf5 45. Kd4 Kf6 46. Ke4 Ke6 47. g4 Kf6 48. Kd5 Kf7 49. Ke5 Kg6 50. Ke6 Kg7 51. Kf5 Kh6 52. Kf6 Kh7 53. Kxg5 Kg7 54. f4 Kf7 55. Kh6 Kg8 56. Kg6 Kf8 57. Kh7 Kf7 58. g5 1-0